Online Catalogue and eLibrary

Sitha sithiwili ruupa ha bhawana (Record no. 5189)

MARC details
000 -LEADER
fixed length control field 00386nam a2200157Ia 4500
005 - DATE AND TIME OF LATEST TRANSACTION
control field 20250516033225.0
008 - FIXED-LENGTH DATA ELEMENTS--GENERAL INFORMATION
fixed length control field 240331s9999 xx 000 0 und d
020 ## - INTERNATIONAL STANDARD BOOK NUMBER
ISBN 9558887935
082 ## - DDC Classification
Item Number - Author Mark PER
Class No. 294
100 ## - MAIN ENTRY--PERSONAL NAME
Personal name Perera,U.C.S.
245 #0 - TITLE STATEMENT
Title Sitha sithiwili ruupa ha bhawana
260 ## - PUBLICATION, DISTRIBUTION, ETC.
Place of publication, distribution, etc. Balangoda
Name of publisher, distributor, etc. Tharaka Publishers
Date of publication, distribution, etc. 2006
300 ## - PHYSICAL DESCRIPTION
Extent (e.g. Volumes, Pages etc.) 208 p .,
650 ## - SUBJECT ADDED ENTRY--TOPICAL TERM
Topical term or geographic name entry element Buddhism
942 ## - Koha item type (Biblio)
Koha item type Books in Stacks (Lending)
Holdings
Lost status Damaged status Collection code Home library Current library Shelving location Date acquired Full call number Accession Number Item type
    Lending WERC Library WERC Library Social Science Cupboard 03/31/2024 294.3 PER 5636 Books in Stacks (Lending)

© WERC Library